000 00477nam a2200193Ia 4500
005 20250603145824.0
008 250603s9999 xx 000 0 und d
020 _a9788123923239
050 _aQM 451 .G37/
100 _aGarg, Krishna
245 0 _aTextbook of neuroanatomy with clinical orientation
250 _a5th ed.
260 _aNew Delhi
260 _bCBS publishers & distributors
260 _c2013
300 _a321 p
650 _aNew Delhi
942 _cBK
999 _c42960
_d42960